[Event "Fremont Weibel Qualifier"]
[Site "Fremont"]
[Date "2001.01.27"]
[Round "5"]
[White "Tseng, Isabel"]
[Black "Chang, Jason"]
[Result "0-1"]
[WhiteElo "653"]
[BlackElo "830"]
[PlyCount "28"]
[EventDate "2001.01.27"]
[EventType "swiss"]
[EventRounds "5"]
[EventCountry "USA"]
[SourceTitle "EXT 2009"]
[Source "ChessBase"]
[SourceDate "2008.11.26"]
[SourceVersion "1"]
[SourceVersionDate "2008.11.26"]
[SourceQuality "1"]

1. e4 e5 2. Nf3 Nc6 3. Nc3 Nf6 4. Bc4 Bc5 5. 0-0 d6 6. d3 Bg4 7. Bg5 h6 8. Nd5 hxg5 9. Nxf6+ Qxf6 10. h3 Qh6 11. c3 Bxh3 12. Re1 Bxg2 13. Kxg2 Qh3+ 14. Kg1 Qh1# 0-1